| 000 | 00634nam a22001817a 4500 | ||
|---|---|---|---|
| 003 | CEME | ||
| 005 | 20210628204126.0 | ||
| 008 | 210106b xxu||||| |||| 00| 0 eng d | ||
| 020 | _a0849320550 | ||
| 040 | _cceme | ||
| 082 | _a006.42 INT | ||
| 100 |
_aJain, L.C, Halici, U, Hayashi, I _968854 |
||
| 245 | _aIntelligent biometric techniques in fingerprint and face recognition | ||
| 260 |
_aBOCA RATON _bCRC PRESS _c1999 |
||
| 300 | _a461P | ||
| 650 |
_aFINGERPRINTS IDENTIFICATION, FINGERPRINTS CLASSIFICATION.HUMAN FACE RECOGNITION.FINGERPRINTS-IDENTIFICATION-DATA PROCESSING.BIOMETRY-DATA PROCESSING. _968855 |
||
| 942 |
_cBK _2ddc |
||
| 999 |
_c576309 _d576309 |
||